Statistics for Famous Duos Quiz #1

Click here to take the quiz!

General Stats

  • This quiz has been taken 54,775 times
  • The average score is 15 of 24

Answer Stats

Duo % Correct
Batman & {Robin}
98%
{Romeo} & Juliet
98%
{Bonnie} & Clyde
93%
{Jack} & Jill
92%
Tarzan & {Jane}
89%
{Simon} & Garfunkel
85%
Thelma & {Louise}
81%
Mary-Kate & {Ashley}
80%
Bert & {Ernie}
75%
Itchy & {Scratchy}
74%
{Sonny} & Cher
69%
Butch Cassidy & {The} {Sundance} {Kid}
66%
Will & {Grace}
66%
{Chip} & Dale
62%
{Harold} & Kumar
60%
Mulder & {Scully}
52%
Laverne & {Shirley}
48%
{Rodgers} & Hammerstein
40%
{Tristan} & Isolde
39%
{Milo} & Otis
26%
{Dean} {Martin} & Jerry Lewis
24%
{Boris} & Natasha
24%
{Marx} & Engels
20%
Statler & {Waldorf}
13%

Score Distribution

Percentile by Number Answered

Percent of People with Each Score

Your Score History

You have not taken this quiz